000 00651nam a22001577a 4500
999 _c80391
_d80391
008 201130b ||||| |||| 00| 0 eng d
040 _bger
_cSTAFF
_erda
041 _ager
100 _aGutke, Thomas:
245 _aMesse wird Impfzentrum:
_bPandemie: Die Stadt Frankfurt hat einen Standort gefunden, an dem im nächsten Jahr Zehntausenden der Impfstoff gegen Corona verabreicht werden soll/
_cThomas Gutke
773 _dFrankfurt (Oder): Märkisches Verlags- und Druckhaus GmbH & Co KG
_g31. Jahrgang (2020) Nr. 291 vom 14.12.2020, S. 11.
_tMärkische Oderzeitung
942 _cA